000
00237nam a22000857a 4500
008
160716b xxu||||| |||| 00| 0 eng d
100
_9
2972
_a
Rao, A.R
245
_a
Four Stories from Shakespeare
260
_a
New Delhi
_b
Orient Publication
_c
2001
999
_c
2535
_d
2535